00318nam a2200121Ia 4500008004100000041000800041082001700049100001800066245004200084260003900126300002400165365000700189240624s9999 xx 000 0 und d aeng a658.4053 SCA aSCANNELL MARY aBIG BOOK OF CONFLICT RESOLUTION GAMES c2010aNew DelhibTata McGraw- Hill a230 : p. : cm. ; 24 cRS